[Event "Innsbruck op-B 1st"]
[Site "Innsbruck"]
[Date "2017.09.02"]
[Round "9"]
[White "Tekac, Jusuf"]
[Black "Sparber, Werner"]
[Result "0-1"]
[WhiteElo "1676"]
[BlackElo "1779"]
[PlyCount "126"]
[EventDate "2017.08.25"]
[EventType "swiss"]
[EventRounds "9"]
[EventCountry "AUT"]
[SourceTitle "CBM 180 Extra"]
[Source "ChessBase"]
[SourceDate "2017.10.06"]
[SourceVersion "1"]
[SourceVersionDate "2017.10.06"]
[SourceQuality "1"]

1. e4 e5 2. Nf3 Nc6 3. Bb5 a6 4. Ba4 Bc5 5. c3 b5 6. Bc2 Nge7 7. Nxe5 Nxe5 8. d4 Bd6 9. f4 Nc4 10. e5 Ng6 11. exd6 Nxd6 12. f5 Ne7 13. Bg5 f6 14. Qh5+ Nf7 15. Bh4 Bb7 16. Nd2 0-0 17. 0-0 Qe8 18. Qg4 Nh6 19. Qh3 d6 20. Rae1 Qd7 21. Re6 Bd5 22. Be4 Bxe4 23. Nxe4 Nexf5 24. d5 Nxh4 25. Qxh4 Rae8 26. Qh3 Rxe6 27. dxe6 Qe7 28. Ng3 Re8 29. Re1 Kh8 30. Qh5 Qf8 31. Qd5 Re7 32. h3 Qe8 33. Kh2 Ng8 34. Nf5 Qb8 35. Nxe7 Nxe7 36. Qh5 g6 37. Qh4 Kg7 38. g4 c5 39. Qg3 Qc7 40. h4 f5 41. g5 a5 42. Rd1 Nc8 43. Qf4 Qe7 44. h5 Qxe6 45. h6+ Kf7 46. Qd2 Qxa2 47. Qd5+ Qxd5 48. Rxd5 Ke6 49. Rd2 b4 50. cxb4 axb4 51. Kg3 c4 52. Kf4 Nb6 53. Re2+ Kd7 54. Ke3 c3 55. bxc3 bxc3 56. Kd3 Nd5 57. Ra2 Nb4+ 58. Kxc3 Nxa2+ 59. Kb2 Nb4 60. Kc3 Nd5+ 61. Kd4 Nf4 62. Ke3 Ne6 63. Kf3 Nxg5+ 0-1